Human bondage : (Record no. 55286)
[ view plain ]
| 000 -LEADER | |
|---|---|
| fixed length control field | 01943nam a22003017a 4500 |
| 005 - DATE AND TIME OF LATEST TRANSACTION | |
| control field | 20110810113757.0 |
| 008 - FIXED-LENGTH DATA ELEMENTS--GENERAL INFORMATION | |
| fixed length control field | 110810t xxu||||| |||| 00| 0 eng d |
| 010 ## - LCCN (DPL NO) | |
| LC control number | ENG-103443 |
| 020 ## - INTERNATIONAL STANDARD BOOK NUMBER | |
| Terms of availability | 1500.00 |
| International Standard Book Number | 9788132105602 |
| 035 ## - SYSTEM CONTROL NUMBER | |
| System control number | EN-86976 |
| 037 ## - SOURCE OF ACQUISITION | |
| Source of stock number/acquisition | DBAD/PUB |
| 040 ## - CATALOGING SOURCE | |
| Original cataloging agency | DPL |
| Language of cataloging | Eng |
| 082 ## - DEWEY DECIMAL CLASSIFICATION NUMBER | |
| Classification number | 331.10954 |
| 100 ## - MAIN ENTRY--PERSONAL NAME | |
| 9 (RLIN) | 31629 |
| Personal name | Mishra, Lakshmidhar |
| 245 ## - TITLE STATEMENT | |
| Title | Human bondage : |
| Statement of responsibility, etc | by Lakshmidhar Mishra |
| Remainder of title | tracing its roots in India / |
| 260 ## - PUBLICATION, DISTRIBUTION, ETC. (IMPRINT) | |
| Place of publication, distribution, etc | New Delhi |
| Name of publisher, distributor, etc | SAGE Publications |
| Date of publication, distribution, etc | 2011 |
| 270 ## - ADDRESS | |
| Address | B1/1-1 Mohan cooperative Industrial Area, Mathura Road |
| City | New Delhi |
| Postal code | 110044sagepub.in |
| 300 ## - PHYSICAL DESCRIPTION | |
| Extent | xix,487p. |
| Dimensions | 25cm (Hb) |
| 500 ## - GENERAL NOTE | |
| General note | Includes bibliographical references and index |
| 505 ## - FORMATTED CONTENTS NOTE | |
| Formatted contents note | Introduction -- Historical perspective -- Concept and definition -- Unemployment, underemployment, and income insecurity -- Poverty, population explosion, hunger, and malnutrition -- Minimum wage -- Migration -- Caste hierarchy -- Issues -- Land tenurial system -- Tribal land alienation -- Illiteracy -- Child labour and trafficking -- Devdasis and Yoginis -- Credit and indebtedness -- Globalization, state, and market -- Policy initiatives -- Constitutional and legal provisions -- National policy and implementation of the programme at the state level -- International instruments and initiatives -- Public interest litigation and judicial activism -- Role of voluntary organizations -- Role of trade unions of workers and employer’s organizations -- Role of media and communication agencies -- In retrospect and prospect. |
| 650 ## - SUBJECT ADDED ENTRY--TOPICAL TERM | |
| 9 (RLIN) | 31639 |
| Topical term or geographic name as entry element | Peonage |
| Geographic subdivision | India. |
| General subdivision | Social conditions |
| Chronological subdivision | 21st century. |
| 650 ## - SUBJECT ADDED ENTRY--TOPICAL TERM | |
| Topical term or geographic name as entry element | Poor |
| 9 (RLIN) | 34014 |
| Geographic subdivision | India |
| 650 ## - SUBJECT ADDED ENTRY--TOPICAL TERM | |
| Topical term or geographic name as entry element | Land tenure |
| Geographic subdivision | India. |
| 9 (RLIN) | 34015 |
| 650 ## - SUBJECT ADDED ENTRY--TOPICAL TERM | |
| Topical term or geographic name as entry element | Social justice |
| Geographic subdivision | India. |
| 9 (RLIN) | 34016 |
| 700 ## - ADDED ENTRY--PERSONAL NAME | |
| 9 (RLIN) | 31640 |
| 942 ## - ADDED ENTRY ELEMENTS (KOHA) | |
| Source of classification or shelving scheme | Dewey Decimal Classification |
| Item type | English Books |
| Call number suffix | MIS |
| Classification part | 331.10954 |
| Withdrawn status | Lost status | Source of classification or shelving scheme | Damaged status | Not for loan | Collection code | Home library | Current library | Date acquired | Source of acquisition | Cost, normal purchase price | Total Checkouts | Full call number | Barcode | Date last seen | Copy number | Cost, replacement price | Koha item type |
|---|---|---|---|---|---|---|---|---|---|---|---|---|---|---|---|---|---|
| Dewey Decimal Classification | Not For Loan | Non-fiction | D.B.Act.Division | D.B.Act.Division | 11/08/2011 | DBAD / PUB | 1500.00 | MIS | EN-86976 | 11/08/2011 | 1 | 1500.00 | English Books |
